Sobre los artistas
Saved in:
| Hovedforfatter: | |
|---|---|
| Format: | Bog |
| Sprog: | spansk |
| Udgivet: |
Barcelona
Gustavo Gili, SL
2018
|
| Udgivelse: | 1a. ed |
| Fag: | |
| Tags: |
Tilføj Tag
Ingen Tags, Vær først til at tagge denne postø!
|
MARC
| LEADER | 00000cam a2200000 a 4500 | ||
|---|---|---|---|
| 001 | UCC4699 | ||
| 003 | CL-VaPUC | ||
| 008 | 180824e20180000sp |||||||||||||||||spa|d | ||
| 020 | |a 9788425230332 | ||
| 082 | 0 | 4 | |a 709.22 |b BER |2 21 |
| 100 | 0 | |a Berger, John |e author |9 598886 | |
| 245 | 1 | 0 | |a Sobre los artistas |
| 250 | |a 1a. ed | ||
| 300 | |a v | ||
| 942 | |c BK | ||
| 945 | |d 20180824 13:39:00 |a dcastane | ||
| 260 | |a Barcelona |b Gustavo Gili, SL |c 2018 | ||
| 650 | 0 | |a Arte |9 265238 | |
| 650 | 7 | |a CRITICA E HISTORIA |2 CL-VaPUC |9 598887 | |
| 650 | 0 | |a Política y cultura |9 563267 | |
| 583 | |a last modification |c 20180824 13:39:00 |k Rodrigo Vera | ||
| 999 | |c 372117 |d 372115 | ||
| 952 | |0 0 |1 0 |3 erb |4 0 |6 709_220000000000000_BER_2018 |7 0 |8 A |9 489382 |a BIBART |b BIBART |h v.2 |i 5490839 |o 709.22 BER 2018 |p 5490839 |r 2025-03-13 |w 2019-11-24 |y BK |z Catalogado en:20180824 |k ART | ||